000 01032nam a22002657a 4500
003 OSt
005 20200930121712.0
008 200930s2001 ck ||||gr|||| 00| 0 spa d
020 _a9972733181
040 _aCO-JMCR
_cCO-JMCR
041 0 _aspa
082 0 4 _a346.02 /
_bA466c
_223
100 1 _aAlterini, Atilio Aníbal,
_eautor
_911003
245 1 0 _aContratación contemporáneo :
_bContratación electrónica y tutela del consumidor /
_cAtilio Aníbal Alterini, José Luis de los Mozos, Carlos Alberto Soto
260 _aBogotá :
_bTemis,
_c2001.
300 _a648 páginas ;
_c23 cm.
490 0 _aInstituciones de Derecho Privado ;
_v2
505 0 _aNuevas formas de contratación --- Derecho del consumidor
650 2 4 _aPartidos políticos
_zAndes (Región)
_911004
650 2 4 _aPolítica y gobierno
_zAndes (Región)
_911005
650 2 4 _aGobierno comparado
_zAndes (Región)
_911006
700 1 _ade los Mozos, José Luis.,
_eeditor
_911007
700 1 _aSoto, Carlos Alberto,
_eeditor
_911008
942 _2ddc
_cBK
999 _c6889
_d6889